Combating desertification in the Southern African region: an updated regional assessment/ (Record no. 147467)

MARC details
000 -LEADER
fixed length control field 00678nam a2200205 a 4500
008 - FIXED-LENGTH DATA ELEMENTS--GENERAL INFORMATION
fixed length control field
049 ## - LOCAL HOLDINGS (OCLC)
Holding library MAIN
090 ## - LOCALLY ASSIGNED LC-TYPE CALL NUMBER (OCLC); LOCAL CALL NUMBER (RLIN)
Classification number (OCLC) (R) ; Classification number, CALL (RLIN) (NR) GB611
003 - CONTROL NUMBER IDENTIFIER
control field
005 - DATE AND TIME OF LATEST TRANSACTION
control field 20230123133354.0
040 ## - CATALOGING SOURCE
Transcribing agency NUST
100 1# - MAIN ENTRY--PERSONAL NAME
Personal name Darkoh, Michael B. K.
245 10 - TITLE STATEMENT
Title Combating desertification in the Southern African region: an updated regional assessment/
Statement of responsibility, etc. Michael B. K. Darkoh.
260 ## - PUBLICATION, DISTRIBUTION, ETC.
Place of publication, distribution, etc. Moscow :
Name of publisher, distributor, etc. Center for International Projects,
Date of publication, distribution, etc. 1989.
300 ## - PHYSICAL DESCRIPTION
Extent 370 p. :
Other physical details ill., maps ;
Dimensions 29cm.
650 ## - SUBJECT ADDED ENTRY--TOPICAL TERM
Topical term or geographic name entry element Desertification
Geographic subdivision Southern Africa.
650 ## - SUBJECT ADDED ENTRY--TOPICAL TERM
Topical term or geographic name entry element Desertification
General subdivision Control.
907 ## - LOCAL DATA ELEMENT G, LDG (RLIN)
a .b10085014
b 29-09-05
c 29-07-03
942 ## - ADDED ENTRY ELEMENTS (KOHA)
Koha item type Ordinary Loan Books
Call number prefix GB611
Holdings
Date last seen Total Checkouts Full call number Barcode Cost, replacement price Price effective from Koha item type Lost status Source of classification or shelving scheme Damaged status Not for loan Collection Withdrawn status Home library Current library Shelving location Date acquired Cost, normal purchase price
01/23/2023 10 GB611 DAR 92003011954 80.00 01/23/2023 BOOKS   lcc   1 NFIC   MAIN MAIN GEN 01/23/2023 80.00